| 000 -CABECERA |
| fixed length control field |
01522nam a22003377a 4500 |
| 003 - IDENTIFICADOR DEL NÚMERO DE CONTROL |
| control field |
AR-CdUCM |
| 008 - DATOS DE LONGITUD FIJA--INFORMACIÓN GENERAL |
| fixed length control field |
251217b2024 pe ||||| |||| 00| 0 spa d |
| 040 ## - FUENTE DE LA CATALOGACIÓN |
| Agencia/entidad que catalogó originalmente la obra |
MUNICIPALIDAD PROVINCIAL DEL CUSCO |
| Entidad que transcribió la catalogación |
BIBLIOTECA MUNICIPAL DEL CUSCO |
| 082 ## - NÚMERO DE LA CLASIFICACIÓN DECIMAL DEWEY |
| No. de Clasificación |
305.86885 / |
| Notacion interna |
M84 |
| 100 ## - ENTRADA PRINCIPAL--NOMBRE DE PERSONA |
| Nombre Personal |
Montes Ataucuri, W. Edmundo. |
| 245 ## - MENCIÓN DE TÍTULO |
| Título |
Yanawara / |
| Resto del título |
huellas de su pasado. |
| 260 ## - PUBLICACIÓN, DISTRIBUCIÓN, ETC. |
| Nombre de la editorial, distribuidor, etc. |
Valle Grapf |
| Fecha de publicación, distribución, etc. |
2019 |
| 300 ## - DESCRIPCIÓN FÍSICA |
| Nº de Páginas Extensión |
204 páginas. : |
| Dimensiones |
14 x 20 cm. |
| 500 ## - NOTA GENERAL |
| Bibliografía |
Páginas 195 - 204. |
| 505 ## - NOTA DE CONTENIDO CON FORMATO |
| Nota de contenido formateada |
I. Yanawara en la Época del Desarrollo Autónomo -- La nación quechua -- Inca Roca somete a los Chancas -- Los esclavos -- La función de los Chilques en Arequipa -- Cápac Yupanqui conquista la etnia -- La Rebelión Mitmas -- II. Época de la Invasión Hispana -- El sistema de reducciones -- Los Repartimientos -- Movimientos Indígenas -- Mesiánico -- Religioso -- La Rebelión de Cotabambas -- Sumarios Cuadros -- Mapas.... |
| 650 ## - PUNTO DE ACCESO ADICIONAL DE MATERIA--TÉRMINO DE MATERIA |
| Descriptor |
Dominio de la Nación Quechua |
| 9 (RLIN) |
51721 |
| 650 ## - PUNTO DE ACCESO ADICIONAL DE MATERIA--TÉRMINO DE MATERIA |
| Descriptor |
Alianza con los Incas |
| 9 (RLIN) |
51722 |
| 650 ## - PUNTO DE ACCESO ADICIONAL DE MATERIA--TÉRMINO DE MATERIA |
| Descriptor |
La Batalla de Antawayllas |
| 9 (RLIN) |
51723 |
| 650 ## - PUNTO DE ACCESO ADICIONAL DE MATERIA--TÉRMINO DE MATERIA |
| Descriptor |
Los ayllus de Pitic |
| 9 (RLIN) |
51724 |
| 650 ## - PUNTO DE ACCESO ADICIONAL DE MATERIA--TÉRMINO DE MATERIA |
| Descriptor |
Los Chancas someten |
| 9 (RLIN) |
51725 |
| 650 ## - PUNTO DE ACCESO ADICIONAL DE MATERIA--TÉRMINO DE MATERIA |
| Descriptor |
La Rebelión de los Chancas |
| 9 (RLIN) |
51726 |
| 650 ## - PUNTO DE ACCESO ADICIONAL DE MATERIA--TÉRMINO DE MATERIA |
| Descriptor |
Pueblos Incas |
| 9 (RLIN) |
51727 |
| 650 ## - PUNTO DE ACCESO ADICIONAL DE MATERIA--TÉRMINO DE MATERIA |
| Descriptor |
Las Encomiendas |
| 9 (RLIN) |
51728 |
| 650 ## - PUNTO DE ACCESO ADICIONAL DE MATERIA--TÉRMINO DE MATERIA |
| Descriptor |
Los Repartimientos |
| 9 (RLIN) |
51729 |
| 650 ## - PUNTO DE ACCESO ADICIONAL DE MATERIA--TÉRMINO DE MATERIA |
| Descriptor |
Intendencias |
| 9 (RLIN) |
51730 |
| 650 ## - PUNTO DE ACCESO ADICIONAL DE MATERIA--TÉRMINO DE MATERIA |
| Descriptor |
Repartimientos |
| 9 (RLIN) |
51731 |
| 650 ## - PUNTO DE ACCESO ADICIONAL DE MATERIA--TÉRMINO DE MATERIA |
| Descriptor |
Indígenas en la colonia |
| 9 (RLIN) |
51732 |
| 942 ## - ELEMENTOS DE PUNTO DE ACCESO ADICIONAL (KOHA) |
| Fuente de clasificación |
|
| Tipo de item |
Libros-BMC |
| 945 ## - PROCESAMIENTO DE INFORMACIÓN LOCAL (OCLC) |
| Catalogador |
jmcs |
| AAAA-MM-DD - Fecha de ingreso o modificacion |
17/12/2025 |